La calumnia: relación humana
Сохранить в:
| Главный автор: | |
|---|---|
| Формат: | |
| Язык: | испанский |
| Опубликовано: |
Ciudad de México
Siglo Veintiuno
1968
|
| Серии: | Colección Mínima, 21
|
| Предметы: | |
| Метки: |
Добавить метку
Нет меток, Требуется 1-ая метка записи!
|
MARC
| LEADER | 00000nam a2200000 a 4500 | ||
|---|---|---|---|
| 001 | UCX5960 | ||
| 003 | CL-VaPUC | ||
| 008 | 930318e19680000MX |||||||||||||||||spa|d | ||
| 082 | 0 | 4 | |a 364.156 |b ADA |2 21 |
| 100 | 0 | |a Adam, Michel |e author |9 322323 | |
| 245 | 1 | 3 | |a La calumnia: relación humana |
| 300 | |a 158 p | ||
| 942 | |c BK | ||
| 945 | |d 19930318 00:00:00 | ||
| 260 | |a Ciudad de México |b Siglo Veintiuno |c 1968 | ||
| 650 | 7 | |a DIFAMACION |2 CL-VaPUC |9 259220 | |
| 583 | |a last modification |c 19930318 00:00:00 |k Rodrigo Vera | ||
| 490 | 0 | |a Colección Mínima, 21 | |
| 999 | |c 226071 |d 226069 | ||
| 952 | |0 0 |1 0 |4 0 |6 364_156000000000000_ADA_1968 |7 0 |8 A |9 224163 |a BIBHIS |b BIBHIS |d 2019-11-15 |i 2929686 |o 364.156 ADA 1968 |p 2929686 |r 2025-01-20 |w 2019-11-15 |y BK |k HIS | ||